| 000 | 02277cas a2200577 a 4500 | ||
|---|---|---|---|
| 999 |
_c23528 _d23528 |
||
| 001 | 11157732 | ||
| 003 | BDDh-ASL | ||
| 005 | 20231015030243.0 | ||
| 008 | 751101u1964uuuupk ar f0 a0eng c | ||
| 010 |
_asa 65009303 _zsn 91010020 |
||
| 015 |
_a011817275 _2dnb |
||
| 016 | 7 |
_a011817275 _2DE-101 |
|
| 016 | 7 |
_a300616-5 _2DE-600 |
|
| 016 | 7 |
_a008631971 _2Uk |
|
| 016 | 7 |
_a002750654 _2Uk |
|
| 022 |
_a0078-7868 _l0078-7868 |
||
| 025 | _aPL480: P-E-737 | ||
| 035 | _a(OCoLC)ocm01761742 | ||
| 040 |
_aMUL _beng _cMUL _dYUS _dCOO _dNYG _dIUL _dNST _dIUL _dCRL _dDLC _dSYS _dOCLCQ _dHEBIS _dGBVCP _dUKMGB _dOCLCQ _dOCLCF _dOCLCO _dIAD _dDLC _dDEBBG _dDLC _dBDDh-ASL |
||
| 042 |
_apcc _apremarc |
||
| 043 | _aa-pk--- | ||
| 050 | 0 | 0 |
_aDS378 _b.P3 |
| 082 | 0 | 4 |
_a930.15491 _2PAK |
| 222 | 0 | _aPakistan archaeology | |
| 245 | 0 | 0 |
_aPakistan archaeology / _cDept. of Archaeology, Ministry of Education, Pakistan. |
| 260 |
_aKarachi : _bThe Department, _c[1964]- |
||
| 300 |
_avolumes : _billustrations, maps ; _c27 cm |
||
| 310 | _aAnnual | ||
| 336 |
_atext _btxt _2rdacontent |
||
| 337 |
_aunmediated _bn _2rdamedia |
||
| 338 |
_avolume _bnc _2rdacarrier |
||
| 362 | 0 | _aNo. 1 (1964)- | |
| 515 | _aResumed publication with No. 30, 2015. | ||
| 530 | _aAlso issued online. | ||
| 550 | _aIssued 1964-69 by Dept. of Archaeology; 1970/71- by Dept. of Archaeology and Museums. | ||
| 550 | _aIssues from 2015- published from Islamabad by Department of Archaeology and Museums, MInistry of Information, Broadcasting & National Heritage. | ||
| 588 | _aLatest issue consulted: Number 30 (2015). | ||
| 650 | 7 |
_aAntiquities. _2fast _0(OCoLC)fst00810745 |
|
| 651 | 0 |
_aPakistan _xAntiquities _vPeriodicals. |
|
| 651 | 7 |
_aPakistan. _2fast _0(OCoLC)fst01210275 |
|
| 655 | 7 |
_aPeriodicals. _2fast _0(OCoLC)fst01411641 |
|
| 710 | 1 |
_aPakistan. _bDepartment of Archaeology. |
|
| 710 | 1 |
_aPakistan. _bDepartment of Archaeology & Museums. |
|
| 776 | 0 | 8 |
_iOnline version: _tPakistan archaeology _w(OCoLC)567953287 |
| 906 |
_a7 _bcbc _cserials _du _encip _f19 _gn-oclcserc |
||
| 942 |
_2ddc _cBK |
||